| 000 | 00369nam a22001457a 4500 | ||
|---|---|---|---|
| 005 | 20250512160212.0 | ||
| 008 | 250512b |||||||| |||| 00| 0 eng d | ||
| 020 | _a9780273603191 | ||
| 050 |
_aHF5437 _bPUR |
||
| 245 | _aPurchasing principles and management | ||
| 250 | _a7th | ||
| 260 |
_aLondon _bPitman Publishing _cc1994 |
||
| 300 | _avii, 339p | ||
| 942 |
_2lcc _cBK _n0 |
||
| 999 |
_c5734 _d5734 |
||